000 00587nam a2200229Ia 4500
003 OSt
005 20221005123617.0
006 a|||||r|||| 00| 0
007 ta
008 221004b |||||||| |||| 00| 0 eng d
024 _a59107
037 _cTextual
040 _aCRL
_cCRL
_beng
041 _2eng
_aeng
082 _aU8:2ME:N5, K1
100 _aGyan Singh
_9633901
245 0 _aLure of Everest
_b Story of the first Indian expedition
260 _c1961
650 _aGEOGRAPHY
942 _hU8:2ME:N5, K1
_cTEXL
_2cc
999 _c1047920
_d1047920